000 01144nam a2200277 i 4500
001 000032181
003 DO-SdBNP
005 20240903105450.0
007 ta
008 110713s2009 ck ao r 000 0 spa d
020 _a9789587032147
040 _aDO-SdBNP
_bspa
_cBNPHU
_erda
041 _aspa
_aeng
082 4 _a423.61
_bD545
_222
245 0 0 _aDiccionario multiconsulta = Multireference dictionary :
_bEspañol - Inglés, Inglés - Español /
_cEditor Gustavo de Elorza Ajamil ; dirección Martha Ordóñez Q., Volney Tovar Q.
264 1 _aColombia :
_bCultural Internacional,
_c2009.
300 _a462, 65, 436 páginas con numeración variada :
_bilustraciones, fotografías ;
_c27 cm.
_ecd rom
336 _2rdacontent
_atexto
_btxt
337 _2rdamedia
_asin mediación
_bn
338 _2rdacarrier
_avolumen
_bnc
500 _aTérminos de electrónica, informática, ciencia, mecánica = Terms of electronics, informatics, scientific, mechanics.
590 _aInventariado, 2024/ YL
700 1 _aElorza Ajamil, Gustavo de
_eeditor
_958265
_4edt.
910 _aYLockward. Validado, control de calidad/MAA
942 _2ddc
_cLBS1
999 _c31672
_d31672